书目信息 |
| 题名: |
美国商务写作
|
|
| 作者: | Yager , 雅戈Jan Yager 著 ;黄小燕 , 于洪钊 译 | |
| 分册: | ||
| 出版信息: | 北京 中国长安出版社 2004.6 |
|
| 页数: | 254页 | |
| 开本: | 25cm | |
| 丛书名: | ||
| 单 册: | ||
| 中图分类: | H152.3-62 | |
| 科图分类: | ||
| 主题词: | 商务--应用文--写作--手册 | |
| 电子资源: | ||
| ISBN: | 7-80175-147-7 | |
| 000 | 01033nam0 2200289 45 | |
| 001 | 012004000000 | |
| 005 | 20041213145525.63 | |
| 010 | @a7-80175-147-7@dCNY 39.80 | |
| 100 | @a20041110d2004 em y0chiy0121 ea | |
| 101 | 1 | @achi@ceng |
| 102 | @aCN@b110000 | |
| 105 | @aa z 000yy | |
| 200 | 1 | @a美国商务写作@Amei guo shang wu xie zuo@e第2版@e如何像职业作家一样进行商务写作和实用文体写作@f(美)雅戈Jan Yager著@F(mei)ya ge Jan Yager zhu@g黄小燕, 于洪钊译 |
| 210 | @a北京@c中国长安出版社@d2004.6 | |
| 215 | @a254页@c图@d25cm | |
| 304 | @a书名原文: Effective business & nonfiction writing | |
| 324 | @a原书第2版 | |
| 510 | 1 | @aEffective business & nonfiction writing@zeng |
| 517 | 1 | @a如何像职业作家一样进行商务写作和实用文体写作 |
| 606 | 0 | @a商务@x应用文@x写作@j手册 |
| 690 | @aH152.3-62@v4 | |
| 701 | A1 | @aYager@bJan@4著 |
| 701 | 0 | @a雅戈Jan Yager@Aya ge Jan Yager@4著 |
| 702 | 0 | @a黄小燕@Ahuang xiao yan@4译 |
| 702 | 0 | @a于洪钊@Ayu hong zhao@4译 |
| 801 | 0 | @aCN@bQSSKxf@c20041213 |
| 905 | @a10447@dH152.3-62@eY008 | |
| 美国商务写作:第2版:如何像职业作家一样进行商务写作和实用文体写作/(美)雅戈Jan Yager著/黄小燕, 于洪钊译.-北京:中国长安出版社,2004.6 |
| 254页:图;25cm |
| ISBN 7-80175-147-7:CNY 39.80 |
| ● |
| 相关链接 |
|
|
|
正题名:美国商务写作
索取号:H152.3-62/Y008
 
预约/预借
| 序号 | 登录号 | 条形码 | 馆藏地/架位号 | 状态 | 备注 |
| 1 | 433513 | 204335139 | 语言库209/209语言库 76排3列3层/ [索取号:H152.3-62/Y008] | 在馆 | |
| 2 | 433514 | 204335148 | 语言库209/209语言库 76排3列3层/ [索取号:H152.3-62/Y008] | 在馆 | |
| 3 | 433515 | 204335157 | 语言库209/209语言库 76排3列3层/ [索取号:H152.3-62/Y008] | 在馆 |